000 00816nam a2200301Ia 4500
003 OSt
005 20220912151319.0
006 a|||||r|||| 00| 0
007 ta
008 220909b |||||||| |||| 00| 0 eng d
020 _a089603349X (hbd)
024 _a6948
037 _bN R,
037 _cTextual
040 _aCSL
_beng
_cCSL
041 _aeng
082 _aL6, N7
100 _aConn P Michael Ed
245 0 _aEndocrinology: basic and clinical principles
260 _aTotowa, New Jersey
_bHumana Press
_c1997
300 _aix,448p
500 _aIncludes bibliographical references; Index 437-448p
650 _a Endocrinology
650 _aMedicine
700 _a Melmed Shlomo
942 _hL6, N7
_cTEXL
_2CC
999 _c65825
_d65825